2008 F1 race sponsors - Statistics

General Stats
  • This quiz has been taken 15 times
  • The average score is 9 of 18
Answer Stats
Hint Answer % Correct
Australian Grand Prix ING
75%
Hungarian Grand Prix ING
75%
Belgian Grand Prix ING
75%
Malaysian Grand Prix Petronas
75%
Japanese Grand Prix Fuji Television
50%
Bahrain Grand Prix Gulf Air
50%
Turkish Grand Prix Petrol Ofisi
50%
British Grand Prix Santander
50%
German Grand Prix Santander
50%
Italian Grand Prix Santander
50%
Singapore Grand Prix SingTel
50%
Chinese Grand Prix Sinopec
50%
Spanish Grand Prix Telefónica
50%
European Grand Prix Telefónica
50%
Monaco Grand Prix None
25%
Canadian Grand Prix None
25%
French Grand Prix None
25%
Brazilian Grand Prix None
25%
No matching quizzes found
Score Distribution
Percent of People with Each Score
Percentile by Number Answered
Your Score History
You have not taken this quiz